|
|
|
|
| LEADER |
00000nam a2200000 4500 |
| 001 |
vtls012068207 |
| 003 |
SK-MaSNL |
| 005 |
20260301175944.0 |
| 008 |
251112s1598 gw a f 011 0 lat |
| 015 |
|
|
|a SNBHFA
|
| 040 |
|
|
|a SNKHF
|b slo
|c SNKHF
|e rda
|
| 041 |
0 |
|
|a lat
|
| 044 |
|
|
|a gw
|c DE
|
| 072 |
|
7 |
|a 2-1
|x Prirodzená teológia. Náboženská filozofia
|2 konspekt
|
| 072 |
|
7 |
|a 27-1/-2
|x Kresťanská teológia. Dogmatická teológia
|2 konspekt
|
| 080 |
|
|
|a 2-1
|2 2011
|
| 080 |
|
|
|a 27-282.3
|2 2011
|
| 100 |
1 |
|
|a Sohn, Georg
|d 1551-1589
|4 aut
|4 aui
|4 dto
|9 130626
|
| 245 |
1 |
0 |
|a Operum Georgii Sohnii Sacrae Theologiae Doctoris
|n Tomus secundus; Continens Exegesin Praecipuorum articulorum Augustanae Confeßionis
|
| 250 |
|
|
|a Editio Secunda
|
| 264 |
|
3 |
|a Sigenae Nassoviorum
|b Ex officina typographica Christophori Corvinii
|c cIɔ Iɔ xcIIX (1598)
|
| 300 |
|
|
|a 6 nečíslovaných strán, 1017 strán, 15 nečíslovaných strán
|c 16 cm
|
| 336 |
|
|
|a text
|b txt
|2 rdacontent
|
| 337 |
|
|
|a bez média
|b n
|2 rdamedia
|
| 338 |
|
|
|a zväzok
|b nc
|2 rdacarrier
|
| 500 |
|
|
|a Signet, iniciálka s ornamentálnym pozadím vo voľnom priestore na 6 riadkov, iniciálky s figurálnym pozadím v rámčeku na 4 riadky, linky, vineta, kustody
|
| 504 |
|
|
|a Register
|
| 508 |
|
|
|a Predslov; dedikácia: Zürich-mestská rada
|
| 510 |
4 |
|
|a VD 16
|c S 6897
|
| 546 |
|
|
|a Latinský text
|b Antikva
|b Kurzíva
|
| 562 |
|
|
|a Rukopisný provenienčný záznam na titulnom liste: Contus Zakolczen.
|5 SNK ID 70569/2
|
| 563 |
|
|
|a Väzba: renesančná, bledá koža s ornamentálnou slepotlačou a centrálnym figurálnym motívom.
|5 SNK ID 70569/2
|
| 650 |
0 |
7 |
|a teológia
|2 SNKPH
|9 1814
|
| 650 |
0 |
7 |
|a augsburské vyznanie
|2 SNKPH
|9 20865
|
| 700 |
1 |
|
|a Rab, Christoph,
|d 1552-1620
|4 prt
|9 172664
|
| 710 |
2 |
|
|a Zürich (Švajčiarsko).
|b Mestská rada
|4 hnr
|9 550553
|
| 710 |
2 |
|
|a Františkáni (Skalica, Slovensko)
|4 fmo
|9 305294
|
| 752 |
|
|
|a Nemecko
|d Siegen
|
| 852 |
|
|
|a snk
|b Historické fondy
|p ID 70569/2
|
| 958 |
|
|
|a ONDV
|
| 958 |
|
|
|a DA
|
| 999 |
|
|
|c 844608
|d 846538
|
| 952 |
|
|
|t Tlače 16. stor.
|a SNK
|b SNK
|c SNK_HF
|y PREZ
|7 0
|p 17A1303444
|o snkID 70569/2
|i snkF 1188/79
|8 5
|0 0
|1 0
|4 0
|d 2021-09-09
|f 1
|l 0
|r 2026-02-24 04:22:56
|w 2026-02-24
|